000 01179nam a22003377a 4500
003 CHAP
005 20220817044354.0
008 100907s2010 mx a d u00010 spa d
010 _a99214
011 _a100186
020 _a9786070025679
035 _a110872
040 _cCHAP
082 1 4 _a923.2
_bB44
100 1 _aBenítez González, Florencio.
_911643
245 1 4 _aLos Álvarez :
_bpoder y política en el siglo XIX en la región de Guerrero
_c/por Florencio Benítez González
260 _aChilpancingo, Gro. :
_bInstituto de Estudios Parlamentarios Eduardo Neri,
_c2010
300 _a231 p. :
_bilus.
590 _aBATCH-UPD
_b10
_c20130110
_lUCH01
_h1418
590 _aBATCH-UPD
_b10
_c20130410
_lUCH01
_h0901
590 _aBATCH-UPD
_b10
_c20130914
_lUCH01
_h0604
590 _aCONVERSION
_b10
_c20130109
_lUCH01
_h1355
650 1 4 _aGuerrero
_xHistoria.
_951186
650 1 4 _aGuerrero
_xPolítica y gobierno.
_951188
650 1 4 _aPlan de Ayutla.
_988660
650 1 4 _aPolíticos mexicanos
_xBiografía.
_990724
650 1 4 _aReformas constitucionales.
901 _aBK
942 _cLIBRO
949 _a923.2 B44
_bBC
_cLIBRO
_d33724002217264
_eLIBRO
_h1134406
_i110872
_sb
999 _c99214
_d99214